Państwo które... - Statystyki

Ogólne statystyki
  • Ten quiz został rozwiązany 37 razy
  • Średni wynik to 13 z 15
Statystyki odpowiedzi
Pytanie Odpowiedź % Poprawnych
Państwo które wygrało mistrzostwa świata w piłce nożnej 5 razy Brazylia
100%
Państwo które zaatakowało Ukrainę w 2022 roku Rosja
100%
Państwo które nie ma sąsiadów i leży w północnej Europie Islandia
97%
Państwo które jest drugie największe na świecie Kanada
97%
Państwo które zaczyna się na literkę ,,O" Oman
97%
Państwo które ma sklep biedronkę i leży w zachodniej Europie Portugalia
97%
Państwo które miało najwięcej kolonii Wielka Brytania
97%
Państwo które jest największą wyspą w Afryce Madagaskar
93%
Państwo które posiada najsilniejszą armię na świecie Stany Zjednoczone
93%
Państwo które jest neutralne (w Europie) Szwajcaria
93%
Państwo które było jednym z kilku domów dla wikingów Norwegia
90%
Państwo które leży na południowy wschód od Australii Nowa Zelandia
87%
Państwo które ma najwięcej wysp Indonezja
70%
Państwo które jest najmniejszą wyspą w Afryce Seszele
67%
Państwo które ma najwięcej lasów (zalesienie w ,,%”) Finlandia
63%
Nie znaleziono quizów pasujących do podanych kryteriów
Rozkład punktacji
Procent ludzi z każdym wynikiem
Percentyl według liczby udzielonych odpowiedzi
Twoja historia wyników
Nie rozwiązałeś tego quizu